000
00304nam a2200145Ia 4500
100
_a
Haykin/ Simon
250
_a
4
942
_c
BK
654
_a
filter theory
245
_a
Adaptive Filter theory
260
_b
Pearson Education
_c
2002
082
_a
621.3815
_b
HAY
546
_a
ENGLISH
999
_c
31916
_d
31916